Statistics for Disney's Frozen 2 - Into the Unknown Lyrics

Click here to take the quiz!

General Stats

  • This quiz has been taken 3,481 times
  • The average score is 22 of 29

Answer Stats

Lyrics% Correct
Into the {unknown}
95%
You're just a ringing in {my} {ear}
89%
While {others} don't
89%
What do you want? 'Cause you've been {keeping} me awake
88%
How do I follow {you}
87%
There's a {thousand} reasons
87%
Which I {wish} would go away
87%
I can hear you but I {won't}
86%
You're not a {voice}
83%
{Where} are you going?
83%
Some look for {trouble}
81%
Don't leave me {alone}
79%
I {should} go about my day
79%
I'm afraid of what I'm risking if I {follow} {you}
78%
I've had my {adventure}, I don't need something new
78%
I'm sorry, secret {siren}, but I'm blocking out your calls
76%
And ignore your {whispers}
74%
And if I {heard} you, which I don't
74%
Every day's a little harder as I feel {my} {power} grow
74%
Or are you someone out there who's a {little} {bit} like me?
73%
Don't you know there's {part} {of} {me} that longs to go
70%
Everyone I've ever loved is here {within} {these} {walls}
69%
Are you here to {distract} {me} so I make a big mistake?
68%
Who knows {deep} {down} I'm not where I'm meant to be?
65%
Are you {out} {there}?
65%
I'm {spoken} for, I fear
64%
Do you {know} {me}?
61%
Can you {feel} {me}?
61%
Can you {show} {me}?
60%

Score Distribution

Percentile by Number Answered

Percent of People with Each Score

Your Score History

You have not taken this quiz